00572nam a2200157Ia 4500003000900000008004100009040001600050080002200066110003100088245017100119260004800290300000800338650002700346650002000373650002100393IN-BaIIA211028s9999 xx 000 0 eng d cIIA Library a69.01:624bIND-24 aBureau of Indian Standards 0aIndian standard: method of measurement of building and civil engineering worksbpt. 24, well foundationscBureau of Indian Standards  aNew DelhibBureau of Indian Standardsc2003 a6p. acivil engineering work aIndian standard aWell foundations